| 000 | 01707cam a2200373Ii 4500 | ||
|---|---|---|---|
| 999 |
_c27492 _d27492 |
||
| 001 | 9780203796535 | ||
| 003 | OSt | ||
| 005 | 20240802120307.0 | ||
| 006 | a|||||o|||| 00| 0 | ||
| 008 | 180706s2007 enk ob 001 0 eng d | ||
| 020 |
_a9780203796535 _q(e-book : PDF) |
||
| 020 |
_a9781135135744 _q(e-book: PDF) |
||
| 020 |
_a9781135135812 _q(e-book: ePub) |
||
| 020 |
_a9781135135881 _q(e-book: Mobi) |
||
| 020 |
_z9781843116318 _q(hardback) |
||
| 024 | 7 |
_a10.4324/9780203796535 _2doi |
|
| 035 | _a(OCoLC)841809136 | ||
| 040 | _cimu-kc | ||
| 043 | _ae-uk--- | ||
| 050 | 4 |
_aKD1697 _b.T63 2007 |
|
| 082 | 0 | 4 |
_a346.41082 _bT635 |
| 100 | 1 |
_aTodd, Paul, _d1954-, _eauthor. |
|
| 245 | 1 | 0 |
_aBills of lading and bankers' documentary credits / _cby Paul Todd. |
| 250 | _aFourth edition. | ||
| 264 | 1 |
_aLondon : _bInforma, _c2007. |
|
| 300 | _a1 online resource (xxvi, 335 pages) | ||
| 490 | 0 | _aEssential maritime and transport law series | |
| 505 | 0 | _a1. Introduction to bills of lading and bankers' documentary credits -- 2. The documentary credit in general terms -- 3. Documents used in international trade -- 4. The contract of sale -- 5. The documents as security I : lost, damaged or misdescribed goods -- 6. The documents as security II : property -- 7. The documents as security III : possession -- 8. Documentation and the UCP -- 9. Banks' duties to accept or reject presentation -- 10. Conclusion. | |
| 650 | 0 |
_aDocumentary credit _xLaw and legislation _zGreat Britain. |
|
| 650 | 0 |
_aBills of lading _zGreat Britain. |
|
| 776 | 0 | 8 |
_iPrint version: _z9781843116318 _w(DLC) 2008428306 |
| 856 | 4 | 0 |
_uhttps://www.taylorfrancis.com/books/9781135135744 _zClick here to view. |
| 942 |
_2ddc _cEBK |
||